Statistics for Word Answers that End in "-ade"

Click here to take the quiz!

General Stats

  • This quiz has been taken 89 times
  • The average score is 12 of 24

Answer Stats

HintAnswer% Correct
Sweetened drink made from a yellow fruitlemonade
99%
Face of a building, or an outward appearancefacade
87%
A small bomb thrown by handgrenade
87%
A sauce in which food is soaked before cookingmarinade
80%
A preserve made from citrus fruitmarmalade
76%
Not Fahrenheitcentigrade
75%
A long, angry speech of criticismtirade
71%
A paved public walk, typically along a waterfrontpromenade
65%
A small waterfallcascade
61%
An improvised barrier erected across a thoroughfarebarricade
60%
A person who deserts and betraysrenegade
43%
A religious military expedition, or a campaign for changecrusade
40%
A subdivision of an army, consisting of infantry battalionsbrigade
39%
Procession of vehicles escorting a prominent personmotorcade
37%
An act or incident involving excitement, daring, or adventureescapade
33%
A barrier of wooden posts, for defense or confining animalsstockade
31%
A piece of music sung or played in the open airserenade
29%
An absurd pretense meant to create a pleasant appearancecharade
28%
An award granted as a special honoraccolade
27%
A false show or pretense, or the wearing of a disguisemasquerade
27%
A fence of wooden stakes or iron railingspalisade
27%
Directed or moving backwardretrograde
25%
A row of columns supporting a roofcollonade
21%
Tiny resilient animal also known as a water beartardigrade
21%

Score Distribution

Percentile by Number Answered

Percent of People with Each Score

Your Score History

You have not taken this quiz